000 00775nam a2200241 i 4500
001 C2-0107369
003 PPAK
005 20180727102250.0
008 970618s1975 enka|||| ||||| | eng d
040 _aPPAK
_beng
_cPPAK
_erda
082 0 4 _a338.9595
_223
090 0 0 _a338.9595
_bKIN
_dKK
100 1 _aKinney, William Paul,
_eauthor
245 1 0 _aAspects of Malayan economic development
264 1 _aLondon :
_bUniversity of London ,
_c1975
300 _a360 pages :
_billustrations ;
_c25 cm
336 _2rdacontent
_atext
337 _2rdamedia
_aunmediated
338 _2rdacarrier
_avolume
500 _aTesis - Latihan Ilmiah Ijazah Sarjana Muda Kedoktoran dalam ekonomi ; Tidak boleh difotokopi
650 1 0 _aMalaysia - Economics conditions
942 _ddc
_cB
999 _c26402
_d26402